Understanding and managing model risk : a practical guide for quants, traders and validators /
"A guide to the validation and risk management of quantitative models used for pricing and hedging. Whereas the majority of quantitative finance books focus on mathematics and risk management books focus on regulatory aspects, this book addresses the elements missed by this literature--the risk...
| Main Author: | |
|---|---|
| Format: | eBook |
| Language: | English |
| Published: |
Chichester, West Sussex :
Wiley,
2011.
|
| Series: | Wiley Online Library.
Wiley finance series. |
| Subjects: | |
| Online Access: | Connect to the full text of this electronic book |
MARC
| Tag | First Indicator | Second Indicator | Subfields |
|---|---|---|---|
| LEADER | 00000cam a2200000Ka 4500 | ||
| 001 | in00002781931 | ||
| 005 | 20210728124902.0 | ||
| 006 | m d | ||
| 007 | cr cnu---unuuu | ||
| 008 | 111024s2011 enka ob 001 0 eng d | ||
| 016 | 7 | |a 015789737 |2 Uk | |
| 019 | |a 795998952 | ||
| 020 | |a 1118467310 (electronic bk.) | ||
| 020 | |a 1119960851 (electronic bk.) | ||
| 020 | |a 9781118467312 (electronic bk.) | ||
| 020 | |a 9781119960850 (electronic bk.) | ||
| 020 | |z 0470977612 | ||
| 020 | |z 9780470977613 | ||
| 035 | |a (OCoLC)758387064 |z (OCoLC)795998952 | ||
| 035 | |a (OCoLC)ocn758387064 | ||
| 035 | |a 4000593 | ||
| 037 | |a 10.1002/9781118467312 |b Wiley InterScience |n http://www3.interscience.wiley.com | ||
| 040 | |a N$T |c N$T |d YDXCP |d E7B |d EBLCP |d MERUC |d UIU |d DG1 |d UKMGB |d TXA |d UtOrBLW | ||
| 049 | |a TXAM | ||
| 050 | 4 | |a HD61 |b .M67 2011eb | |
| 072 | 7 | |a BUS |x 036000 |2 bisacsh | |
| 082 | 0 | 4 | |a 332.64/5 |2 23 |
| 100 | 1 | |a Morini, Massimo. |0 http://id.loc.gov/authorities/names/n2011052525 | |
| 245 | 1 | 0 | |a Understanding and managing model risk : |b a practical guide for quants, traders and validators / |c Massimo Morini. |
| 264 | 1 | |a Chichester, West Sussex : |b Wiley, |c 2011. | |
| 300 | |a 1 online resource (xx, 428 pages) : |b illustrations | ||
| 336 | |a text |b txt |2 rdacontent | ||
| 337 | |a computer |b c |2 rdamedia | ||
| 338 | |a online resource |b cr |2 rdacarrier | ||
| 490 | 1 | |a Wiley finance series | |
| 500 | |a Electronic resource. | ||
| 504 | |a Includes bibliographical references and index. | ||
| 505 | 0 | |a Cover; Series; Title Page; Copyright; Preface; HOW WE PROCEED; WHAT ELSE YOU WILL FIND IN THIS BOOK; Acknowledgements; Part I: Theory and Practice of Model Risk Management; 1: Understanding Model Risk; 1.1 WHAT IS MODEL RISK?; 1.2 FOUNDATIONS OF MODELLING AND THE REALITY OF MARKETS; 1.3 ACCOUNTING FOR MODELLERS; 1.4 WHAT REGULATORS SAID AFTER THE CRISIS; 1.5 MODEL VALIDATION AND RISK MANAGEMENT: PRACTICAL STEPS; 2: Model Validation and Model Comparison: Case Studies; 2.1 THE PRACTICAL STEPS OF MODEL COMPARISON; 2.2 FIRST EXAMPLE: THE MODELS | |
| 520 | |a "A guide to the validation and risk management of quantitative models used for pricing and hedging. Whereas the majority of quantitative finance books focus on mathematics and risk management books focus on regulatory aspects, this book addresses the elements missed by this literature--the risks of the models themselves. This book starts from regulatory issues, but translates them into practical suggestions to reduce the likelihood of model losses, basing model risk and validation on market experience and on a wide range of real-world examples, with a high level of detail and precise operative indications"-- |c Provided by publisher. | ||
| 520 | |a "Understanding and Managing Model Risk is a guide to the validation and risk management of quantitative models used for pricing and hedging"-- |c Provided by publisher. | ||
| 588 | |a Description based on print version record. | ||
| 650 | 0 | |a Risk management |x Mathematical models. |0 http://id.loc.gov/authorities/subjects/sh2008110811 | |
| 650 | 0 | |a Risk management. |0 http://id.loc.gov/authorities/subjects/sh85114200 | |
| 650 | 7 | |a BUSINESS & ECONOMICS / Finance. |2 bisacsh | |
| 650 | 7 | |a BUSINESS & ECONOMICS / Investments & Securities / General. |2 bisacsh | |
| 655 | 7 | |a Electronic books. |2 local | |
| 776 | 0 | 8 | |i Print version: |a Morini, Massimo. |t Understanding and managing model risk. |d Chichester, West Sussex : Wiley, 2011 |z 9780470977613 |w (DLC) 2011031397 |w (OCoLC)721932550 |
| 830 | 0 | |a Wiley Online Library. | |
| 830 | 0 | |a Wiley finance series. |0 http://id.loc.gov/authorities/names/n00091597 | |
| 856 | 4 | 0 | |u http://proxy.library.tamu.edu/login?url=https://dx.doi.org/10.1002/9781118467312 |z Connect to the full text of this electronic book |t 0 |
| 948 | |a cataloged |b h |c 2012/6/29 |d c |e jlanham |f 2:32:31 pm | ||
| 994 | |a C0 |b TXA | ||
| 999 | |a MARS | ||
| 999 | f | f | |s 1dd433ae-066e-3e6f-a95a-7b49b3bc0472 |i a74ffbc7-c4d0-3c4b-ac66-bbd8efb1903f |t 0 |
| 952 | f | f | |a Texas A&M University |b College Station |c Electronic Resources |d Available Online |t 0 |e HD61 .M67 2011eb |h Library of Congress classification |
| 998 | f | f | |a HD61 .M67 2011eb |t 0 |l Available Online |